Tous les drapeaux de pays de l'OTSC - Statistiques

Statistiques générales
  • Ce quiz a été pris 38 fois
  • Le résultat moyen est 5 sur 6
Statistiques - réponses
Par images Réponse % Correct
Russie
100%
Arménie
92%
Kazakhstan
92%
Biélorussie
89%
Kirghizistan
76%
Tadjikistan
76%
Aucun quiz correspondant
Distribution des résultats
% des personnes avec chaque résultat
Percentile par nombre de réponses
Votre historique - résultats
Vous n’avez pas pris ce quiz